Statistiques concernant Pokémon - Les attaques de Léboulérou

Cliquez ici pour prendre le quiz!

Statistiques générales

  • Ce quiz a été pris 5 fois
  • Le résultat moyen est 7 sur 10

Statistiques - réponses

NiveauxTypesNoms des attaques% Correct
DépartNormalCharge
80%
Niveau 35InsecteFurie-Bond
80%
Niveau 4SolJet de Sable
80%
Niveau 20InsectePiqûre
80%
Niveau 11RocheRoulade
80%
Niveau 7InsecteSurvinsecte
80%
Niveau 15SolTir de Boue
80%
Niveau 29SolTunnel
60%
Niveau 24NormalBélier
40%
DépartNormalBoul'Armure
20%

Distribution des résultats

Percentile par nombre de réponses

% des personnes avec chaque résultat

Votre développement - résultats

Vous n’avez pas pris ce quiz